000 01227nam a2200229Ia 4500
001 L208-3502
003 IT-CnALBA
008 170116s9999||||xx |||||||||||||| ||und||
040 _aIT-CnALBA
_cIT-CnALBA
041 _aLATINO
100 _aBELORGEY DOM GODEFROID, MONACO. ABATE.
245 0 _aPATRES LATINI. GODEFRIDI BULLONII EPISTOLAE ET DIPLOMATA TOMUS 155.
250 _a1a ed.
260 _a PARIS, BELGIO.
_bBREPOLS EDIT. PONTIF.
_cn.d.
300 _a2132 p.
500 _aTRADIZIONE CATTOLICA SECOLO XII. SUPERVISORE P. MIGNE. GOSCELINO MONACO: VITA BREVE DI S. AGOSTINO APOSTOLO DELL'INGHILTERRA. VITA BREVE DI S. AGOSTINO. STORIA DELLA TRASLAZIONE. VITA DI S. IVONE. VITA DI S. VEREBURGA. VITA DI S. EDITA. ELOGIO DI S. LOREN
501 _aSocietà San Paolo EM - Piazza San Paolo, 14 - 12051 ALBA (CN) (non commercial uses only) ® Copyright 2017
520 _aTRADIZIONE CATTOLICA SECOLO XII. SUPERVISORE P. MIGNE. GOSCELINO MONACO: VITA BREVE DI S. AGOSTINO APOSTOLO DELL'INGHILTERRA. VITA BREVE DI S. AGOSTINO. STORIA DELLA TRASLAZIONE. VITA DI S. IVONE. VITA DI S. VEREBURGA. VITA DI S. EDITA. ELOGIO DI S. LOREN
650 _aPADRI E SCRITTORI ECCLESIASTICI
942 _cBK
957 _71
999 _a4481
_bSI
_g Copie: 1
_c262689
_d262689